LEADER 01103nas0 2200301 450 001 000021228 005 20081006102940.0 011 $a1122-195X 100 $a20080407a19939999km-y0itay50------ba 101 0 $aita 102 $aIT 110 $aaku----0uu- 200 1 $aA.I.O.N. Slavistica$eannali dell'istituto orientale di Napoli$fDipartimento di studi dell'Europa orientale, sezione slavistica 207 0$aA.1, n.1 (1993)- 210 $aFirenze$cCadmo$d1993- 215 $av.$d24 cm. 326 $aAnnuale 676 $a891.8$v(21. ed.)$9Letterature slave 801 0$aIT$bUniversità della Basilicata - B.I.A.$gRICA$2unimarc 912 $a000021228 958 $aB.I.A. PSU$c1993;$tA$nIn attesa di collocazione 996 $aA.I.O.N. Slavistica$988908 997 $aUNIBAS CAT $aAGD$b20$c20080407$lBAS01$h1216 CAT $aAGD$b20$c20080828$lBAS01$h1123 CAT $aAGD$b30$c20081006$lBAS01$h1029 FMT Z30 -2$lBAS01$LBAS01$mISSUE$1BASA1$APolo Storico-Umanistico$2GEN$BCollezione generale$5L89789$820080417$f51$FRiservati$hlibreria chiari deposito 19/B$i20080417$j20080417 LEADER 01332nam0 2200337 450 001 000027687 005 20100505114717.0 010 $a978-88-6227-282-7 010 $a978-88-6227-283-4 100 $a20100505d2010----km-y0itaa50------ba 101 0 $aita$alat$agrc 102 $aIT 200 1 $aAitia. Libro terzo e quarto$fCallimaco$gintroduzione, testo critico, traduzione e commento a cura di Giulio Massimilla 210 $aPisa$c<> Serra$d2010$aRoma 215 $a604 p.$d25 cm 225 2 $aBiblioteca di studi antichi$v92 410 0$12001$aBiblioteca di studi antichi$v92 500 10$aAetia$919990 676 $a881.01$v(21. ed.)$9Poesia greca classica. Periodo antico fino al 499 ca 700 0$aCallimachus$0161836 702 1$aMassimilla,$bGiulio 801 0$aIT$bUniversità della Basilicata - B.I.A.$gRICA$2unimarc 912 $a000027687 996 $aAetia$919990 997 $aUNIBAS BAS $aLETTERE CAT $aMDL$b30$c20100505$lBAS01$h1146 CAT $aMDL$b30$c20100505$lBAS01$h1147 FMT Z30 -1$lBAS01$LBAS01$mBOOK$1BASA1$APolo Storico-Umanistico$2DSLF$BCollezione DiSLF$3DF/7248$67248$5F7248$820100505$f04$FPrestabile Didattica Z30 -1$lBAS01$LBAS01$mBOOK$1BASA1$APolo Storico-Umanistico$2DSLF$BCollezione DiSLF$3DF/7249$67249$5F7249$820100505$f04$FPrestabile Didattica